| Tag |
First Indicator |
Second Indicator |
Subfields |
| LEADER |
00000cam a2200000 4500 |
| 001 |
in00000455017 |
| 005 |
20151012083550.0 |
| 008 |
720211s1965 dcu 00000 eng u |
| 010 |
|
|
|a 65025417
|
| 035 |
|
|
|a (OCoLC)00239344
|
| 035 |
|
|
|9 ABY0161AM
|
| 040 |
|
|
|c WSU
|d TXA
|d UtOrBLW
|
| 049 |
|
|
|a TXAM
|c [462378]
|
| 050 |
|
0 |
|a HF1455
|b .S84
|
| 092 |
|
|
|a 382.3
|b S894a
|
| 100 |
1 |
|
|a Strackbein, O. R.
|q (Oscar Robert),
|d 1900-1993.
|
| 245 |
1 |
0 |
|a American enterprise and foreign trade /
|c by O. R. Strackbein.
|
| 264 |
|
1 |
|a Washington :
|b Public Affairs Press,
|c [1965]
|
| 300 |
|
|
|a 193 pages
|
| 336 |
|
|
|a text
|b txt
|2 rdacontent
|
| 337 |
|
|
|a unmediated
|b n
|2 rdamedia
|
| 338 |
|
|
|a volume
|b nc
|2 rdacarrier
|
| 651 |
|
0 |
|a United States
|x Commercial policy.
|
| 651 |
|
0 |
|a United States
|x Economic conditions
|y 1945-
|
| 999 |
|
|
|a MARS
|
| 999 |
f |
f |
|s b5bdb43b-8829-3614-96a4-d388aec81f4f
|i 2e02e3c6-2e56-35b1-86d2-118c92d87dd6
|t 0
|
| 952 |
f |
f |
|p ric
|a Texas A&M University
|b Rellis Campus
|c Joint Library Facility
|d Remote Storage
|t 0
|e HF1455 .S84
|h Library of Congress classification
|i unmediated -- volume
|m A14800876351
|
| 998 |
f |
f |
|a HF1455 .S84
|t 0
|l Remote Storage
|